Renewable Energy (Record no. 65185)
[ view plain ]
| 000 -LEADER | |
|---|---|
| fixed length control field | 01644nam a2200229Ii 4500 |
| 008 - FIXED-LENGTH DATA ELEMENTS--GENERAL INFORMATION | |
| fixed length control field | 221202s xx 000 0 und d |
| 245 #0 - TITLE STATEMENT | |
| Title | Renewable Energy |
| 246 ## - VARYING FORM OF TITLE | |
| Title proper/short title | Resources, Challenges and Applications |
| 264 #1 - PRODUCTION, PUBLICATION, DISTRIBUTION, MANUFACTURE, AND COPYRIGHT NOTICE | |
| Place of production, publication, distribution, manufacture | [Place of publication not identified] : |
| Name of producer, publisher, distributor, manufacturer | [Publisher not identified], |
| Date of production, publication, distribution, manufacture, or copyright notice | 2020 |
| 300 ## - PHYSICAL DESCRIPTION | |
| Extent | 1 online resource |
| 336 ## - CONTENT TYPE | |
| Content type term | text |
| Content type code | txt |
| Source | rdacontent |
| 337 ## - MEDIA TYPE | |
| Media type term | computer |
| Media type code | c |
| Source | rdamedia |
| 338 ## - CARRIER TYPE | |
| Carrier type term | online resource |
| Carrier type code | cr |
| Source | rdacarrier |
| 520 ## - SUMMARY, ETC. | |
| Summary, etc. | The demand for secure, affordable and clean energy is a priority call to humanity. Challenges associated with conventional energy resources, such as depletion of fossil fuels, high costs and associated greenhouse gas emissions, have stimulated interests in renewable energy resources. For instance, there have been clear gaps and rushed thoughts about replacing fossil-fuel driven engines with electric vehicles without long-term plans for energy security and recycling approaches. This book aims to provide a clear vision to scientists, industrialists and policy makers on renewable energy resources, predicted challenges and emerging applications. It can be used to help produce new technologies for sustainable, connected and harvested energy. A clear response to economic growth and clean environment demands is also illustrated. |
| 653 ## - INDEX TERM--UNCONTROLLED | |
| Uncontrolled term | Alternative & Renewable |
| 653 ## - INDEX TERM--UNCONTROLLED | |
| Uncontrolled term | Power Resources |
| 653 ## - INDEX TERM--UNCONTROLLED | |
| Uncontrolled term | Technology & Engineering |
| 700 1# - ADDED ENTRY--PERSONAL NAME | |
| Personal name | Al Qubeissi, Mansour |
| 700 1# - ADDED ENTRY--PERSONAL NAME | |
| Personal name | El-kharouf, Ahmad |
| 856 ## - ELECTRONIC LOCATION AND ACCESS | |
| Uniform Resource Identifier | <a href="https://library.oapen.org/bitstream/20.500.12657/43418/1/external_content.pdfhttps://library.oapen.org/handle/20.500.12657/43418">https://library.oapen.org/bitstream/20.500.12657/43418/1/external_content.pdfhttps://library.oapen.org/handle/20.500.12657/43418</a> |
| 942 ## - ADDED ENTRY ELEMENTS (KOHA) | |
| Koha item type | E-Book |
| Withdrawn status | Damaged status | Not for loan | Home library | Current library | Date acquired | Total Checkouts | Date last seen | Price effective from | Koha item type |
|---|---|---|---|---|---|---|---|---|---|
| Directory of Open Access Books | Directory of Open Access Books | 11/28/2022 | 11/28/2022 | 11/28/2022 | E-Book |